Hamilton Characters Easy - Statistics

General Stats
  • This quiz has been taken 24 times
    19 since last reset
  • The average score is 11 of 14
Answer Stats
Picture Answer % Correct
Alexander Hamilton
100%
Aaron Burr
95%
Angelica Schuyler
89%
Eliza Schuyler
89%
Thomas Jefferson
89%
George Washington
84%
Hercules Mulligan
84%
Peggy Schuyler
84%
Philip Hamilton
84%
Marquis de Lafayette
74%
John Laurens
68%
James Madison
63%
The Bullet
53%
King George the III
0%
No matching quizzes found
Score Distribution
Percent of People with Each Score
Percentile by Number Answered
Your Score History
You have not taken this quiz since the last reset